Catalog

Record Details

Catalog Search



Kašpar z hor. 2. [díl]  Cover Image Book Book

Kašpar z hor. 2. [díl] / Henri Pourrat ; Z franc. orig. Vaillances farces et gentillesses de Gaspard des Montagnes přel. Jan a Václav Čep

Record details

  • Physical Description: 399, [1] s. ; 8°
  • Edition: 2. vyd.
  • Publisher: Praha : Vyšehrad, 1969

Content descriptions

General Note:
Pouzdro a vazba: Jaroslav Polák
Na předsádkách použito mapky Francie

Available copies

  • 1 of 1 copy available at Common Catalog SPOK.

Holds

  • 0 current holds with 1 total copy.
Show Only Available Copies
Location Call Number / Copy Notes Barcode Shelving Location Status Due Date
Hospic Dobrého Pastýře BE-P
Tematická katagorie: Beletrie (BE)
2045957016566 Knihovna Available -

Electronic resources

Version of Resource: Digitalizovaný dokument


LDR 00940nam a22002531 4500
00129769
003CZ-PrJAB
00520171216161956.0
008970318s1969 xr cze
015 . ‡acnb000426102
035 . ‡a(CZ PrNK)bk197000040
035 . ‡a(OCoLC)42157938
040 . ‡aABA001 ‡bcze ‡cULG001 ‡dABA001
0411 . ‡acze ‡hfre
080 . ‡a840-311. 4 ‡2undef
1001 . ‡aPourrat, Henri, ‡d1887-1959 ‡7jn19990006664 ‡4aut
24510. ‡aKašpar z hor. ‡n2. [díl] / ‡cHenri Pourrat ; Z franc. orig. Vaillances farces et gentillesses de Gaspard des Montagnes přel. Jan a Václav Čep
250 . ‡a2. vyd.
260 . ‡aPraha : ‡bVyšehrad, ‡c1969 ‡e(Přerov : ‡fTisk 4)
300 . ‡a399, [1] s. ; ‡c
500 . ‡aPouzdro a vazba: Jaroslav Polák
500 . ‡aNa předsádkách použito mapky Francie
85641. ‡uhttp://kramerius4.nkp.cz/search/handle/uuid:590b88d0-3400-11e4-8e0d-005056827e51 ‡yDigitalizovaný dokument
910 . ‡aBNE702
998 . ‡a000426102
901 . ‡a29769 ‡b ‡c29769 ‡tbiblio

Additional Resources